000 00279nam a2200121Ia 4500
008 190216s9999||||xx |||||||||||||| ||und||
100 _aRajasekharan C P
245 0 _aRajaneemukham
260 _bCurrent Books
_c1998
300 _a163p
650 _aMalayalam Novel
942 _cBK
999 _c27363
_d27363